000 01342nam a22002057a 4500
003 GBCCL
005 20251204111547.0
008 251204b |||||||| |||| 00| 0 eng d
020 _a9780985219277
020 _a0985219270
040 _cGBC
082 _a266
_bCON 1
245 _aConversations on When everything is missions :
_brecovering the mission of the church /
_cedited by Denny Spitters & Matthew Ellison
260 _a[Place of publication not identified],
_bPioneers USA ; Sixteen:fifteen,
_c2020
300 _a145 pages ;
_b22 cm
505 _a"In their first book, When Everything Is Missions, Denny Spitters and Matthew Ellison called us to refocus our gaze on the gospel and the Great Commission. The authors raised seven questions that shape how we think about and carry out the global mission of the Church. In this followup book, Conversations on When Everything Is Missions, more than 15 contributors add their voices. Each brings research, analysis and experience to the table. They reflect on how we got to the place where many sincere Christians believe everything is missions and address what it might take to put the gospel and the Great Commission back at the center of our global outreach efforts."--Publisher
650 _aGreat Commission (Bible)
650 _aMission of the church
942 _2ddc
_cBK
_n0
999 _c11090
_d11090